| 000 | 00399 a2200145 4500 | ||
|---|---|---|---|
| 020 | _a155615626X | ||
| 090 |
_c2336 _d2336 |
||
| 100 | 1 | 0 | _aKing, Adrian |
| 245 | 1 | 0 |
_aInside Windows 95 _c/ Adrian King. |
| 260 | 0 |
_aRedmond, WA _b: Microsoft Press _c, c1994. |
|
| 300 |
_axxix, 476 p. _b: ill. _c; 24 cm. |
||
| 500 | _aIncludes index. | ||
| 650 | 0 | _aWindows (Computer programs) | |
| 942 |
_cBK _k005.4469 KIN |
||
| 999 |
_c6266 _d6266 |
||